Memoria anual 2006
Salvato in:
| Ente Autore: | |
|---|---|
| Natura: | Libro |
| Lingua: | spagnolo |
| Pubblicazione: |
Santiago
Defensoria
2006
|
| Soggetti: | |
| Tags: |
Aggiungi Tag
Nessun Tag, puoi essere il primo ad aggiungerne!!
|
MARC
| LEADER | 00000nam a2200000 a 4500 | ||
|---|---|---|---|
| 001 | UCI1665 | ||
| 003 | CL-VaPUC | ||
| 008 | 070713e20060000CL |||||||||||||||||spa|d | ||
| 082 | 0 | 4 | |a 345.8305 |b DEF |2 21 |
| 110 | 2 | |a Defensoria Penal Pública |e author |9 522299 | |
| 245 | 1 | 0 | |a Memoria anual 2006 |
| 300 | |a p. irreg | ||
| 942 | |c BK | ||
| 945 | |d 20070713 00:00:00 |a rbrito | ||
| 260 | |a Santiago |b Defensoria |c 2006 | ||
| 650 | 0 | |a Derecho procesal penal |9 256392 | |
| 650 | 0 | |a Reforma procesal penal |9 471095 | |
| 651 | 7 | |a CHILE |2 CL-VaPUC |9 522300 | |
| 583 | |a last modification |c 20070713 00:00:00 |k Rodrigo Vera | ||
| 999 | |c 326430 |d 326428 | ||
| 952 | |0 0 |1 0 |4 0 |6 345_830500000000000_DEF_2006 |7 0 |8 F |9 408310 |a BIBDER |b BIBDER |d 2019-11-22 |i 4355725 |o 345.8305 DEF 2006 |p 4355725 |r 2023-01-25 |w 2019-11-22 |y BK_F |k DER | ||